| 000 | 00633nam a22002057a 4500 | ||
|---|---|---|---|
| 005 | 20160407151711.0 | ||
| 010 | _aENG-115024 | ||
| 020 |
_a9788120350953 _c395.00 |
||
| 035 | _aEN-98556 | ||
| 037 | _bDBAD/PUB | ||
| 082 | _a621.382 | ||
| 100 | _aTomar, Geetam Singh | ||
| 245 |
_aAnalog communication / _cby Geetam Singh Tomar [and] Ashish Bagwari |
||
| 260 |
_aDelhi _bPHI Learning _c2016 |
||
| 270 |
_aRimjhim House, 111, Patparganj Industrial Estate, _bDelhi _e110092 |
||
| 300 |
_axvii,413p. : _c24cm(pbk) _bill. |
||
| 500 | _aIncludes index | ||
| 700 | _aBagwari, Ashish | ||
| 942 |
_2ddc _cEN _mTOM _h621.382 |
||
| 999 |
_c99351 _d99351 |
||